| 000 | 00000nas 2200000za 4500 |
| 001 | 9.502470 |
| 003 | CaOODSP |
| 005 | 20221107133116 |
| 007 | cr ||||||||||| |
| 008 | 150406c19819999onc x m o f0 b0fre|d |
| 040 | |aCaOODSP|bfre |
| 043 | |an-cn--- |
| 086 | 1 |aNH18-1F-PDF |
| 086 | 1 |aNH18-1-2F-PDF |
| 130 | 0 |aResearch report (Société canadienne d'hypothèques et de logement : En ligne) |
| 245 | 00|aRapport de recherche |h[ressource électronique]. |
| 260 | |a[Ottawa] : |bSociété canadienne d'hypothèques et de logement, |c[1981]- |
| 310 | |aIrrégulier |
| 500 | |aPubl. aussi en anglais sous le titre : Research report. |
| 530 | |aÉgalement publ. en version imprimée. |
| 692 | 07|2gccst|aLogement |
| 692 | 07|2gccst|aRecherche |
| 710 | 2 |aSociété canadienne d'hypothèques et de logement. |
| 775 | 08|tResearch report |w(CaOODSP)9.506068 |
| 776 | 0#|tRapport de recherche (Société canadienne d'hypothèques et de logement).|w(CaOODSP)9.513459 |